[Event "DEM U10 2025"]
[Site "Willingen GER"]
[Date "2025.06.10"]
[Round "4"]
[White "von Flottwell, Lionel"]
[Black "Kutlar, Aras"]
[Result "0-1"]
[Termination "normal"]
[Board "3"]
[WhiteElo "1645"]
[BlackElo "1835"]
[WhiteClock "00:01:33"]
[BlackClock "01:15:34"]
[PlyCount "76"]
[WhiteFideId "34632727"]
[BlackFideId "51682117"]
[EventCountry "GER"]
[EventRounds "9"]
[EventType "swiss"]
[EventDate "2025.06.07"]

1. e4 {[%clk 01:30:56]} {[%emt 00:00:04]} c5 {[%clk 01:30:45]} {[%emt
00:00:15]} 2. Nf3 {[%clk 01:31:18]} {[%emt 00:00:07]} g6 {[%clk 01:31:06]}
{[%emt 00:00:10]} 3. d4 {[%clk 01:31:44]} {[%emt 00:00:05]} cxd4 {[%clk
01:31:27]} {[%emt 00:00:07]} 4. Qxd4 {[%clk 01:32:01]} {[%emt 00:00:14]} Nf6
{[%clk 01:31:41]} {[%emt 00:00:15]} 5. e5 {[%clk 01:32:22]} {[%emt 00:00:10]}
Nc6 {[%clk 01:31:58]} {[%emt 00:00:13]} 6. Qa4 {[%clk 01:32:46]} {[%emt
00:00:06]} Nd5 {[%clk 01:32:19]} {[%emt 00:00:08]} 7. Qb3 {[%clk 01:33:09]}
{[%emt 00:00:09]} Nc7 {[%clk 01:32:21]} {[%emt 00:00:27]} 8. Ng5 {[%clk
01:33:21]} {[%emt 00:00:17]} Ne6 {[%clk 01:31:45]} {[%emt 00:01:06]} 9. Nxe6
{[%clk 01:15:05]} {[%emt 00:18:46]} dxe6 {[%clk 01:31:43]} {[%emt 00:00:33]}
10. f4 {[%clk 01:08:16]} {[%emt 00:07:20]} Bg7 {[%clk 01:30:53]} {[%emt
00:01:18]} 11. Be3 {[%clk 01:00:28]} {[%emt 00:08:19]} O-O {[%clk 01:30:27]}
{[%emt 00:00:55]} 12. Nd2 {[%clk 01:00:05]} {[%emt 00:00:54]} Qa5 {[%clk
01:25:41]} {[%emt 00:05:15]} 13. O-O-O {[%clk 00:57:48]} {[%emt 00:02:48]} Rd8
{[%clk 01:25:12]} {[%emt 00:00:59]} 14. h4 {[%clk 00:56:08]} {[%emt 00:02:09]}
b6 {[%clk 01:22:01]} {[%emt 00:03:42]} 15. h5 {[%clk 00:49:29]} {[%emt
00:07:09]} Bb7 {[%clk 01:21:10]} {[%emt 00:01:21]} 16. hxg6 {[%clk 00:49:18]}
{[%emt 00:00:40]} hxg6 {[%clk 01:21:25]} {[%emt 00:00:15]} 17. Bc4 {[%clk
00:19:44]} {[%emt 00:30:06]} Nd4 {[%clk 01:16:58]} {[%emt 00:04:56]} 18. Bxd4
{[%clk 00:19:40]} {[%emt 00:00:35]} Rxd4 {[%clk 01:17:22]} {[%emt 00:00:05]}
19. Qh3 {[%clk 00:15:44]} {[%emt 00:04:26]} Rad8 {[%clk 01:16:59]} {[%emt
00:00:53]} 20. Bd3 {[%clk 00:13:06]} {[%emt 00:03:08]} Qxa2 {[%clk 01:16:32]}
{[%emt 00:00:56]} 21. Rh2 {[%clk 00:12:16]} {[%emt 00:01:21]} Rxd3 {[%clk
01:15:25]} {[%emt 00:01:36]} 22. cxd3 {[%clk 00:10:47]} {[%emt 00:02:00]} Qa1+
{[%clk 01:15:41]} {[%emt 00:00:15]} 23. Kc2 {[%clk 00:04:23]} {[%emt 00:06:53]}
Qa4+ {[%clk 01:15:43]} {[%emt 00:00:27]} 24. b3 {[%clk 00:03:05]} {[%emt
00:01:49]} Qxf4 {[%clk 01:13:14]} {[%emt 00:02:58]} 25. Rf1 {[%clk 00:01:08]}
{[%emt 00:02:28]} Qxe5 {[%clk 01:12:54]} {[%emt 00:00:50]} 26. Qh7+ {[%clk
00:01:22]} {[%emt 00:00:15]} Kf8 {[%clk 01:13:20]} {[%emt 00:00:05]} 27. Rfh1
{[%emt 00:01:55]} Qc3+ {[%clk 01:13:13]} 28. Kd1 {[%clk 00:00:55]} {[%emt
00:00:09]} Rxd3 {[%clk 01:12:52]} {[%emt 00:00:51]} 29. g4 {[%clk 00:00:36]}
{[%emt 00:00:49]} Bxh1 {[%clk 01:13:04]} {[%emt 00:00:17]} 30. b4 {[%clk
00:00:38]} {[%emt 00:00:29]} Bf3+ {[%clk 01:13:16]} {[%emt 00:00:17]} 31. Ke1
{[%clk 00:00:40]} {[%emt 00:00:28]} Qc1+ {[%clk 01:13:27]} {[%emt 00:00:20]}
32. Kf2 {[%clk 00:00:57]} {[%emt 00:00:12]} Qxd2+ {[%clk 01:13:42]} {[%emt
00:00:15]} 33. Kf1 {[%clk 00:00:37]} {[%emt 00:00:51]} Be2+ {[%clk 01:13:42]}
{[%emt 00:00:29]} 34. Rxe2 {[%clk 00:00:36]} {[%emt 00:00:32]} Rf3+ {[%clk
01:14:06]} {[%emt 00:00:06]} 35. Kg1 {[%clk 00:00:56]} {[%emt 00:00:09]} Qd1+
{[%clk 01:14:29]} {[%emt 00:00:08]} 36. Re1 {[%clk 00:00:53]} {[%emt 00:00:33]}
Qxe1+ {[%clk 01:14:51]} {[%emt 00:00:08]} 37. Kh2 {[%clk 00:01:15]} {[%emt
00:00:06]} Qg3+ {[%clk 01:15:11]} {[%emt 00:00:11]} 38. Kh1 {[%clk 00:01:33]}
{[%emt 00:00:13]} Rf1# {[%clk 01:15:34]} {[%emt 00:00:07]} 0-1

[Event "DEM U10 2025"]
[Site "Willingen GER"]
[Date "2025.06.10"]
[Round "4"]
[White "Vlad, Mark"]
[Black "Mudriievskyi, Jan"]
[Result "1-0"]
[Termination "normal"]
[Board "4"]
[WhiteElo "1686"]
[BlackElo "1670"]
[WhiteClock "00:42:24"]
[BlackClock "00:02:28"]
[PlyCount "73"]
[WhiteFideId "34663258"]
[BlackFideId "34676473"]
[EventCountry "GER"]
[EventRounds "9"]
[EventType "swiss"]
[EventDate "2025.06.07"]

1. e4 {[%clk 01:30:57]} {[%emt 00:00:03]} c5 {[%clk 01:30:45]} {[%emt
00:00:16]} 2. Nf3 {[%clk 01:31:22]} {[%emt 00:00:04]} d6 {[%clk 01:30:55]}
{[%emt 00:00:19]} 3. d4 {[%clk 01:31:47]} {[%emt 00:00:06]} cxd4 {[%clk
01:31:05]} {[%emt 00:00:19]} 4. Nxd4 {[%clk 01:32:08]} {[%emt 00:00:09]} Nf6
{[%clk 01:31:21]} {[%emt 00:00:14]} 5. Nc3 {[%clk 01:32:19]} {[%emt 00:00:20]}
g6 {[%clk 01:31:28]} {[%emt 00:00:22]} 6. h3 {[%clk 01:31:41]} {[%emt
00:01:09]} Bg7 {[%clk 01:31:27]} {[%emt 00:00:30]} 7. Be3 {[%clk 01:31:51]}
{[%emt 00:00:21]} O-O {[%clk 01:31:17]} {[%emt 00:00:40]} 8. Qd2 {[%clk
01:31:51]} {[%emt 00:00:29]} Nc6 {[%clk 01:30:56]} {[%emt 00:00:51]} 9. Nxc6
{[%clk 01:30:54]} {[%emt 00:01:28]} bxc6 {[%clk 01:31:06]} {[%emt 00:00:20]}
10. Be2 {[%clk 01:30:10]} {[%emt 00:01:14]} Rb8 {[%clk 01:26:01]} {[%emt
00:05:34]} 11. Rb1 {[%clk 01:27:32]} {[%emt 00:03:08]} Qa5 {[%clk 01:21:25]}
{[%emt 00:05:06]} 12. O-O {[%clk 01:22:44]} {[%emt 00:05:19]} Rd8 {[%clk
01:15:58]} {[%emt 00:05:56]} 13. Bh6 {[%clk 01:18:43]} {[%emt 00:04:31]} Be6
{[%clk 01:08:27]} {[%emt 00:08:02]} 14. Bxg7 {[%clk 01:17:23]} {[%emt
00:01:49]} Kxg7 {[%clk 01:08:23]} {[%emt 00:00:34]} 15. Kh1 {[%clk 01:14:31]}
{[%emt 00:03:22]} d5 {[%clk 00:54:41]} {[%emt 00:14:13]} 16. e5 {[%clk
01:12:42]} {[%emt 00:02:17]} Nd7 {[%clk 00:53:56]} {[%emt 00:01:15]} 17. f4
{[%clk 01:10:54]} {[%emt 00:02:19]} Nc5 {[%clk 00:29:16]} {[%emt 00:25:10]} 18.
Qd4 {[%clk 01:00:24]} {[%emt 00:10:59]} Rb4 {[%clk 00:25:39]} {[%emt 00:04:09]}
19. Qf2 {[%clk 00:58:44]} {[%emt 00:02:10]} d4 {[%clk 00:21:03]} {[%emt
00:05:06]} 20. a3 {[%clk 00:57:20]} {[%emt 00:01:55]} Rbb8 {[%clk 00:20:31]}
{[%emt 00:01:01]} 21. Nd1 {[%clk 00:50:57]} {[%emt 00:06:52]} Ne4 {[%clk
00:16:01]} {[%emt 00:05:00]} 22. Qe1 {[%clk 00:50:11]} {[%emt 00:01:17]} Qd2
{[%clk 00:11:12]} {[%emt 00:05:19]} 23. Bf3 {[%clk 00:48:52]} {[%emt 00:09:54]}
Qxe1 {[%clk 00:10:35]} {[%emt 00:01:07]} 24. Rxe1 {[%clk 00:49:16]} {[%emt
00:00:07]} Nd2 {[%clk 00:10:47]} {[%emt 00:00:18]} 25. Rc1 {[%clk 00:48:38]}
{[%emt 00:01:07]} Nxf3 {[%clk 00:10:24]} {[%emt 00:00:53]} 26. gxf3 {[%clk
00:48:59]} {[%emt 00:00:09]} Bxh3 {[%clk 00:10:33]} {[%emt 00:00:21]} 27. Nf2
{[%clk 00:47:48]} {[%emt 00:01:41]} Bf5 {[%clk 00:08:51]} {[%emt 00:02:12]} 28.
b3 {[%clk 00:46:53]} {[%emt 00:01:25]} d3 {[%clk 00:07:03]} {[%emt 00:02:18]}
29. cxd3 {[%clk 00:46:25]} {[%emt 00:00:59]} Rxb3 {[%clk 00:07:03]} {[%emt
00:00:30]} 30. Rxc6 {[%clk 00:46:35]} {[%emt 00:00:20]} Rxa3 {[%clk 00:07:19]}
{[%emt 00:00:14]} 31. Rb1 {[%clk 00:46:18]} {[%emt 00:00:47]} Bxd3 {[%clk
00:06:50]} {[%emt 00:01:00]} 32. Nxd3 {[%clk 00:46:43]} {[%emt 00:00:05]} Rdxd3
{[%clk 00:06:58]} {[%emt 00:00:22]} 33. Rc7 {[%clk 00:46:58]} {[%emt 00:00:14]}
Ra2 {[%clk 00:06:16]} {[%emt 00:01:12]} 34. Rxe7 {[%clk 00:46:47]} {[%emt
00:00:42]} h5 {[%clk 00:05:08]} {[%emt 00:01:38]} 35. f5 {[%clk 00:43:54]}
{[%emt 00:03:23]} gxf5 {[%clk 00:03:39]} {[%emt 00:01:59]} 36. Re8 {[%clk
00:42:39]} {[%emt 00:01:46]} Ra6 {[%clk 00:02:28]} {[%emt 00:01:40]} 37. Rbb8
{[%clk 00:42:24]} {[%emt 00:00:45]} 1-0

[Event "DEM U10 2025"]
[Site "Willingen GER"]
[Date "2025.06.10"]
[Round "4"]
[White "Busch, Jonathan Luis"]
[Black "Alloussi, Arian"]
[Result "0-1"]
[Termination "normal"]
[Board "5"]
[WhiteElo "1723"]
[BlackElo "1851"]
[WhiteClock "00:50:12"]
[BlackClock "00:29:36"]
[PlyCount "48"]
[WhiteFideId "34664874"]
[BlackFideId "34637788"]
[EventCountry "GER"]
[EventRounds "9"]
[EventType "swiss"]
[EventDate "2025.06.07"]

1. e4 {[%clk 01:30:59]} e5 {[%clk 01:30:50]} {[%emt 00:00:10]} 2. Nf3 {[%clk
01:31:22]} {[%emt 00:00:07]} Nc6 {[%clk 01:31:12]} {[%emt 00:00:08]} 3. d4
{[%clk 01:31:46]} {[%emt 00:00:06]} exd4 {[%clk 01:31:34]} {[%emt 00:00:08]} 4.
Nxd4 {[%clk 01:32:08]} {[%emt 00:00:07]} Bc5 {[%clk 01:31:50]} {[%emt
00:00:14]} 5. Nb3 {[%clk 01:32:31]} {[%emt 00:00:07]} Bb6 {[%clk 01:32:09]}
{[%emt 00:00:11]} 6. Nc3 {[%clk 01:32:49]} {[%emt 00:00:12]} Nf6 {[%clk
01:30:45]} {[%emt 00:01:54]} 7. Bg5 {[%clk 01:27:42]} {[%emt 00:05:37]} d6
{[%clk 01:30:04]} {[%emt 00:01:11]} 8. Qd2 {[%clk 01:26:30]} {[%emt 00:01:42]}
h6 {[%clk 01:27:55]} {[%emt 00:02:40]} 9. Be3 {[%clk 01:26:17]} {[%emt
00:00:42]} Qe7 {[%clk 01:25:03]} {[%emt 00:03:22]} 10. Bxb6 {[%clk 01:23:16]}
{[%emt 00:03:31]} axb6 {[%clk 01:24:27]} {[%emt 00:01:06]} 11. O-O-O {[%clk
01:21:48]} {[%emt 00:01:58]} O-O {[%clk 01:22:44]} {[%emt 00:02:13]} 12. f3
{[%clk 01:21:44]} {[%emt 00:00:34]} Be6 {[%clk 01:19:44]} {[%emt 00:03:29]} 13.
g4 {[%clk 01:20:06]} {[%emt 00:02:09]} Ne5 {[%clk 01:12:17]} {[%emt 00:07:58]}
14. Be2 {[%clk 01:17:57]} {[%emt 00:02:38]} Rfd8 {[%clk 00:52:12]} {[%emt
00:20:34]} 15. Nd5 {[%clk 01:14:49]} {[%emt 00:03:39]} Bxd5 {[%clk 00:50:07]}
{[%emt 00:02:35]} 16. exd5 {[%clk 01:15:03]} {[%emt 00:00:16]} Rxa2 {[%clk
00:47:13]} {[%emt 00:03:24]} 17. h4 {[%clk 01:15:10]} {[%emt 00:00:23]} Rda8
{[%clk 00:46:20]} {[%emt 00:01:23]} 18. c3 {[%emt 00:05:32]} Qd7 {[%clk
00:40:55]} {[%emt 00:05:52]} 19. g5 {[%clk 01:06:51]} {[%emt 00:03:48]} Qa4
{[%clk 00:39:26]} {[%emt 00:01:59]} 20. Kc2 {[%clk 00:59:07]} {[%emt 00:08:14]}
Nfd7 {[%clk 00:31:16]} {[%emt 00:08:40]} 21. f4 {[%clk 00:57:44]} {[%emt
00:01:53]} Nc5 {[%clk 00:30:59]} {[%emt 00:00:47]} 22. Qe3 {[%clk 00:51:36]}
{[%emt 00:06:37]} Rxb2+ {[%clk 00:29:10]} {[%emt 00:02:20]} 23. Kxb2 {[%clk
00:50:55]} {[%emt 00:01:11]} Qa2+ {[%clk 00:29:17]} {[%emt 00:00:23]} 24. Kc1
{[%clk 00:50:12]} {[%emt 00:01:14]} Nxb3# {[%clk 00:29:36]} {[%emt 00:00:10]}
0-1

[Event "DEM U10 2025"]
[Site "Willingen GER"]
[Date "2025.06.10"]
[Round "4"]
[White "Sander, Tino"]
[Black "von Gehlen, Elian"]
[Result "1-0"]
[Termination "normal"]
[Board "6"]
[WhiteElo "1800"]
[BlackElo "1548"]
[WhiteClock "00:34:03"]
[BlackClock "00:40:24"]
[PlyCount "153"]
[WhiteFideId "34636110"]
[BlackFideId "34651560"]
[EventCountry "GER"]
[EventRounds "9"]
[EventType "swiss"]
[EventDate "2025.06.07"]

1. e4 {[%clk 01:30:56]} {[%emt 00:00:03]} c6 {[%clk 01:30:45]} {[%emt
00:00:15]} 2. Nf3 {[%clk 01:31:18]} {[%emt 00:00:08]} d5 {[%clk 01:30:48]}
{[%emt 00:00:27]} 3. Nc3 {[%clk 01:31:40]} {[%emt 00:00:08]} dxe4 {[%clk
01:30:30]} {[%emt 00:00:47]} 4. Nxe4 {[%clk 01:32:04]} {[%emt 00:00:08]} Nf6
{[%clk 01:30:04]} {[%emt 00:00:56]} 5. Qe2 {[%clk 01:32:25]} {[%emt 00:00:10]}
Nxe4 {[%clk 01:29:42]} {[%emt 00:00:50]} 6. Qxe4 {[%clk 01:32:53]} {[%emt
00:00:03]} Qa5 {[%clk 01:29:19]} {[%emt 00:00:53]} 7. Bc4 {[%clk 01:33:14]}
{[%emt 00:00:08]} Bf5 {[%clk 01:29:08]} {[%emt 00:00:41]} 8. Qf4 {[%clk
01:33:37]} {[%emt 00:00:08]} e6 {[%clk 01:28:30]} {[%emt 00:01:08]} 9. O-O
{[%clk 01:33:58]} {[%emt 00:00:09]} Be7 {[%clk 01:28:34]} {[%emt 00:00:26]} 10.
c3 {[%clk 01:34:23]} {[%emt 00:00:06]} O-O {[%clk 01:27:47]} {[%emt 00:01:16]}
11. d4 {[%clk 01:34:30]} {[%emt 00:00:23]} Qd8 {[%clk 01:27:01]} {[%emt
00:01:16]} 12. Qe3 {[%clk 01:21:14]} {[%emt 00:13:46]} a5 {[%clk 01:18:29]}
{[%emt 00:09:03]} 13. a3 {[%clk 01:16:33]} {[%emt 00:05:11]} b5 {[%clk
01:12:36]} {[%emt 00:06:22]} 14. Ba2 {[%clk 01:15:57]} {[%emt 00:01:05]} Nd7
{[%clk 01:09:59]} {[%emt 00:03:08]} 15. Bd2 {[%clk 01:12:26]} {[%emt 00:04:00]}
Nb6 {[%clk 01:08:40]} {[%emt 00:01:50]} 16. Ne5 {[%clk 01:10:32]} {[%emt
00:02:24]} Qd6 {[%clk 00:59:47]} {[%emt 00:09:23]} 17. Qf3 {[%clk 00:58:31]}
{[%emt 00:12:29]} Rac8 {[%clk 00:53:56]} {[%emt 00:06:23]} 18. g4 {[%clk
00:55:07]} {[%emt 00:03:54]} Bg6 {[%clk 00:49:21]} {[%emt 00:05:03]} 19. Bf4
{[%clk 00:55:12]} {[%emt 00:00:25]} Qd8 {[%clk 00:44:24]} {[%emt 00:05:28]} 20.
Nxc6 {[%clk 00:54:38]} {[%emt 00:01:04]} Qd7 {[%clk 00:43:52]} {[%emt
00:01:02]} 21. Nxa5 {[%clk 00:48:01]} {[%emt 00:07:08]} Na4 {[%clk 00:42:39]}
{[%emt 00:01:43]} 22. Rab1 {[%clk 00:46:21]} {[%emt 00:02:10]} Bxb1 {[%clk
00:42:09]} {[%emt 00:01:00]} 23. Rxb1 {[%clk 00:42:47]} {[%emt 00:04:04]} Bd6
{[%clk 00:37:33]} {[%emt 00:05:06]} 24. Bxd6 {[%clk 00:40:02]} {[%emt
00:03:15]} Qxd6 {[%clk 00:37:52]} {[%emt 00:00:10]} 25. Qg3 {[%clk 00:40:19]}
{[%emt 00:00:14]} Qe7 {[%clk 00:36:38]} {[%emt 00:01:44]} 26. Nb3 {[%clk
00:39:08]} {[%emt 00:01:39]} Qb7 {[%clk 00:32:54]} {[%emt 00:04:16]} 27. Nd2
{[%clk 00:38:04]} {[%emt 00:01:34]} Rc7 {[%clk 00:31:27]} {[%emt 00:01:58]} 28.
Qe5 {[%clk 00:37:12]} {[%emt 00:01:20]} Qc6 {[%clk 00:26:37]} {[%emt 00:05:21]}
29. Ne4 {[%clk 00:32:52]} {[%emt 00:04:51]} Nb6 {[%clk 00:23:26]} {[%emt
00:03:41]} 30. h4 {[%clk 00:25:56]} {[%emt 00:07:25]} Nc4 {[%clk 00:21:39]}
{[%emt 00:02:17]} 31. Bxc4 {[%clk 00:25:54]} {[%emt 00:00:32]} Qxc4 {[%clk
00:20:07]} {[%emt 00:02:02]} 32. Nc5 {[%clk 00:23:53]} {[%emt 00:02:31]} Rcc8
{[%clk 00:17:59]} {[%emt 00:02:38]} 33. Kg2 {[%clk 00:18:00]} {[%emt 00:06:23]}
Rfe8 {[%clk 00:15:29]} {[%emt 00:03:00]} 34. Re1 {[%clk 00:17:13]} {[%emt
00:01:15]} f6 {[%clk 00:12:23]} {[%emt 00:03:38]} 35. Qe2 {[%clk 00:17:20]}
{[%emt 00:00:22]} Qd5+ {[%clk 00:12:22]} {[%emt 00:00:31]} 36. Qe4 {[%clk
00:17:32]} {[%emt 00:00:17]} Qxe4+ 37. Rxe4 {[%clk 00:17:59]} Kf7 {[%clk
00:12:30]} {[%emt 00:00:28]} 38. f3 {[%clk 00:14:06]} {[%emt 00:04:24]} e5
{[%clk 00:11:33]} {[%emt 00:01:27]} 39. Nb3 {[%clk 00:14:14]} {[%emt 00:00:20]}
exd4 {[%clk 00:10:14]} {[%emt 00:01:50]} 40. Nxd4 {[%clk 00:14:37]} {[%emt
00:00:07]} Rb8 {[%clk 00:10:19]} {[%emt 00:00:25]} 41. Kf2 {[%clk 00:13:51]}
{[%emt 00:01:16]} Rxe4 {[%clk 00:10:29]} {[%emt 00:00:20]} 42. fxe4 {[%clk
00:14:19]} {[%emt 00:00:02]} Rb6 {[%clk 00:10:25]} {[%emt 00:00:34]} 43. Ke3
{[%clk 00:14:29]} {[%emt 00:00:19]} g6 {[%clk 00:10:47]} {[%emt 00:00:09]} 44.
Kd3 {[%clk 00:13:56]} {[%emt 00:01:02]} Ke7 {[%clk 00:09:09]} {[%emt 00:02:08]}
45. Kc2 {[%clk 00:10:21]} {[%emt 00:04:05]} Kd6 {[%clk 00:08:35]} {[%emt
00:01:05]} 46. Nf3 {[%clk 00:10:35]} {[%emt 00:00:14]} Rb8 {[%clk 00:08:27]}
{[%emt 00:00:40]} 47. Kd3 {[%clk 00:10:37]} {[%emt 00:00:25]} Rb7 {[%clk
00:08:41]} {[%emt 00:00:18]} 48. Nd4 {[%clk 00:08:11]} {[%emt 00:02:56]} Ke5
{[%clk 00:08:10]} {[%emt 00:01:01]} 49. Ke3 {[%clk 00:08:17]} {[%emt 00:00:24]}
Kd6 {[%clk 00:08:26]} {[%emt 00:00:13]} 50. Nf3 {[%clk 00:07:08]} {[%emt
00:01:40]} Ke6 {[%clk 00:07:16]} {[%emt 00:01:40]} 51. Kf4 {[%clk 00:06:52]}
{[%emt 00:00:45]} Rd7 {[%clk 00:04:53]} {[%emt 00:02:54]} 52. Nd4+ {[%clk
00:07:12]} {[%emt 00:00:10]} Kd6 {[%clk 00:04:59]} {[%emt 00:00:23]} 53. Nxb5+
{[%clk 00:07:16]} {[%emt 00:00:28]} Kc5 {[%clk 00:04:59]} {[%emt 00:00:29]} 54.
Nd4 {[%clk 00:04:10]} {[%emt 00:03:34]} Rb7 {[%clk 00:05:06]} {[%emt 00:00:25]}
55. b3 {[%clk 00:04:28]} {[%emt 00:00:12]} Kd6 {[%clk 00:05:11]} {[%emt
00:00:24]} 56. a4 {[%clk 00:04:27]} {[%emt 00:00:32]} h6 {[%clk 00:05:15]}
{[%emt 00:00:27]} 57. b4 {[%clk 00:04:05]} {[%emt 00:00:52]} Rb8 {[%clk
00:05:27]} {[%emt 00:00:18]} 58. a5 {[%clk 00:02:22]} {[%emt 00:02:13]} Rc8
{[%clk 00:04:57]} {[%emt 00:01:00]} 59. Nb5+ {[%clk 00:29:45]} {[%emt
00:03:07]} Ke6 {[%clk 00:35:11]} {[%emt 00:00:16]} 60. a6 {[%clk 00:29:02]}
{[%emt 00:01:13]} g5+ {[%clk 00:35:26]} {[%emt 00:00:14]} 61. hxg5 {[%clk
00:29:12]} {[%emt 00:00:21]} hxg5+ {[%clk 00:35:47]} {[%emt 00:00:10]} 62. Ke3
{[%clk 00:29:27]} {[%emt 00:00:14]} Ke5 {[%clk 00:36:00]} {[%emt 00:00:17]} 63.
a7 {[%clk 00:29:23]} {[%emt 00:00:35]} Ra8 {[%clk 00:36:22]} {[%emt 00:00:09]}
64. c4 {[%clk 00:29:39]} {[%emt 00:00:14]} Rh8 {[%clk 00:36:16]} {[%emt
00:00:35]} 65. Nc7 {[%clk 00:29:50]} {[%emt 00:00:20]} Rh3+ {[%clk 00:36:36]}
{[%emt 00:00:08]} 66. Kd2 {[%clk 00:30:04]} {[%emt 00:00:16]} Ra3 {[%clk
00:36:58]} {[%emt 00:00:10]} 67. a8=Q {[%clk 00:30:25]} {[%emt 00:00:08]} Rxa8
{[%clk 00:37:25]} {[%emt 00:00:03]} 68. Nxa8 {[%clk 00:30:49]} Kd4 {[%clk
00:37:28]} {[%emt 00:00:32]} 69. b5 {[%clk 00:31:12]} Kc5 {[%clk 00:37:50]}
{[%emt 00:00:15]} 70. b6 {[%emt 00:00:26]} Kc6 71. Nc7 {[%clk 00:31:49]} Kxb6
{[%clk 00:38:39]} {[%emt 00:00:07]} 72. Ne8 {[%clk 00:32:15]} {[%emt 00:00:05]}
Kc5 {[%clk 00:39:00]} {[%emt 00:00:09]} 73. Kd3 {[%clk 00:32:38]} {[%emt
00:00:07]} f5 {[%clk 00:39:18]} {[%emt 00:00:11]} 74. exf5 {[%clk 00:33:03]}
{[%emt 00:00:05]} Kc6 {[%clk 00:39:41]} {[%emt 00:00:07]} 75. Kd4 {[%clk
00:33:22]} {[%emt 00:00:11]} Kd7 {[%clk 00:40:07]} {[%emt 00:00:04]} 76. Nf6+
{[%clk 00:33:48]} {[%emt 00:00:05]} Ke7 {[%clk 00:40:24]} {[%emt 00:00:12]} 77.
Kd5 {[%clk 00:34:03]} 1-0